Understanding social problems

Uloženo v:
Podrobná bibliografie
Hlavní autor: Mooney, Linda A.
Médium: Kniha
Jazyk:Undetermined
Vydáno: Belmont, CA Thomson Higher Education 2007
Témata:
Tagy: Přidat tag
Žádné tagy, Buďte první, kdo otaguje tento záznam!
Thư viện lưu trữ: Trung tâm Học liệu Trường Đại học Cần Thơ
LEADER 00700nam a2200229Ia 4500
001 CTU_152540
008 210402s9999 xx 000 0 und d
020 |c 1765000 
082 |a 361.10973 
082 |b M818/5th 
100 |a Mooney, Linda A. 
245 0 |a Understanding social problems 
245 0 |c Linda A. Mooney, David Knox, Caroline Schacht 
260 |a Belmont, CA 
260 |b Thomson Higher Education 
260 |c 2007 
650 |a Social problems,Các vấn đề xã hội,Hoa Kỳ 
650 |x Điều kiện xã hội 
650 |y 1980 
650 |z United States,Hoa Kỳ 
904 |i Nguyên 
980 |a Trung tâm Học liệu Trường Đại học Cần Thơ